KOHA-Header-6

Oxford Dictionary of Synonyms and Antonyms (Record no. 9795)

000 -LEADER
fixed length control field 00280nam a2200109Ia 4500
100 ## - MAIN ENTRY--AUTHOR NAME
Personal name Oxford University Press
245 #0 - TITLE STATEMENT
Title Oxford Dictionary of Synonyms and Antonyms
260 ## - PUBLICATION, DISTRIBUTION, ETC. (IMPRINT)
Place of publication USA
Name of publisher Oxford
Year of publication 2002
300 ## - PHYSICAL DESCRIPTION
Number of Pages 450
942 ## - ADDED ENTRY ELEMENTS (KOHA)
Koha item type Books
Holdings
Withdrawn status Lost status Collection code Permanent Location Current Location Shelving location Date acquired Full call number Accession Number Koha item type
    Dictionaries MAJU MAJU Shelf No.B28 2019-09-14 505.75 5762 DICTIONARY

Powered by Koha